000 00279nam a22001217a 4500
008 181003b xxu||||| |||| 00| 0 eng d
041 _aeng
080 _a101
100 _a24
101 _aFIL
245 _aOf the Standard of Taste and Other Essays
_cLenz,J.W
942 _2udc
_cBK
999 _c48823
_d48823